Datum a čas kvízu
27
Celkem bodů
Celkový počet nahraných bodů na tomto kvízu bez doplňovacích otázek.
4.
Pořadí na kvízu
Konečné umístění týmu na tomto kvízu.
Zaznamenané odpovědi
| # | Otázka | Odpověď | Body | Výsledky |
|---|---|---|---|---|
| 1. | Opravdu kuriózní střet se odeh... | 1 | ||
| 2. | Kim Čong-un si na summit v Sin... | 1 | ||
| 3. | V pondělí bylo oznámeno jméno... | 0 | ||
| 4. | Minulý týden proběhl v německé... | 0 | ||
| 5. | Čeští biatlonisté poprvé stříl... | 0 | ||
| 6. | My Češi jsme specialisté na př... | 1 | ||
| 7. | Vozidlo Tatra 57 bylo vyráběno... | 0 | ||
| 8. | Jakou ptačí přezdívku dostal v... | 1 | ||
| 9. | Aby se v 90. letech v inzeráte... | 0 | ||
| 10. | Sovětský automobil vyšší střed... | 0 |